Datum a čas kvízu
17.5
Celkem bodů
Celkový počet nahraných bodů na tomto kvízu bez doplňovacích otázek.
9.
Pořadí na kvízu
Konečné umístění týmu na tomto kvízu.
Zaznamenané odpovědi
| # | Otázka | Odpověď | Body | Výsledky |
|---|---|---|---|---|
| 1. | V pátek bylo překlenuto Labe p... | Pardubice | 0 | |
| 2. | Ve středu večer způsobil jeden... | D) tráva | 0 | |
| 3. | V pátek 12. 7. 2024 vydal Emin... | 12. album | 0 | |
| 4. | Ve čtvrtek večer musela být ne... | ve Francii | 0 | |
| 5. | Estonci Jaanu Roosemu se minul... | chůze po laně | 0 | |
| 6. | Ve kterých dvou variantách se... | C | 0 | |
| 7. | Ze kterého prostředí pochází k... | A | 1 | |
| 8. | Kterým jedenáctipísmenným slov... | hipoterapie | 1 | |
| 9. | Jak se říká nástroji, jenž jak... | udidlo | 0 | |
| 10. | Koně jsou s člověkem spojení j... | Moravskoslezský kraj | 0 |